Stati per estensione costiera - Africa - Statistics

Statistiche generali
  • Questo quiz è stato fatto 36 volte
    30 dall'ultimo reset
  • Il punteggio medio è 9 su 10
Statistiche sulle risposte
Coste (km) Nazione % Corretto
2 450 Egitto
100%
2 945 Marocco
100%
3 333 Somalia
100%
2 798 Sudafrica
100%
1 770 Libia
96%
1 572 Namibia
92%
1 600 Angola
88%
2 470 Mozambico
88%
4 828 Madagascar
84%
2 334 Eritrea
64%
Nessun quiz corrispondente trovato
Distribuzione punteggi
Percentuale di utenti per punteggio
Percentile per numero di risposta
I tuoi punteggi nel tempo
Non hai fatto questo quiz dall'ultimo reset